00641 2200217 4500001002100000005001700021008004100038035002400079082001200103090002200115100004800137245006800185260003100253300002500284650004900309700001600358850001500374980001300389985000600402999001500408YOGYA-0209000002456320090227023855.0 ind  0010-020900000024563 a342.068 a342.068bInd HlR aINDONESIA. (Undang-undang, Peraturan, dsb.) aHimpunan Peraturan Kepegawaian R.I tahun 1992/1993cSudarjo B.N aJakartabPanca Usahac1994 axxix, 618 hlmc22 cm aPegawai Negeri - Undang-undang dan peraturan aSudarjo B.N aYOPDYOG(B) a03-03-07 a1 a06A0020514